| 000 | 01022 a2200217 4500 | ||
|---|---|---|---|
| 003 | Nust | ||
| 005 | 20170207152506.0 | ||
| 010 | _a 2003054262 | ||
| 020 | _a081944720X (pbk.) | ||
| 040 | _cNust | ||
| 082 | 0 | 0 | _a621.367 |
| 100 | 1 | _aDougherty, Edward R. | |
| 245 | 1 | 0 |
_aHands-on morphological image processing / _cEdward R. Dougherty, Roberto A. Lotufo. |
| 260 |
_aBellingham, Wash. : _bSPIE Optical Engineering Press, _c2003. |
||
| 300 |
_axvi, 272 p. : _bill. ; _c26 cm. |
||
| 440 | 0 |
_aTutorial texts in optical engineering ; _vv. TT59 |
|
| 505 | _aBinary Erosion And Dilation Page 1, Binary Opening And Closing Page 25, Morphological Processing Of Binary Images Page 45, Hit Or Mis Transform Page 79, Gray Scale Morphology Page 91.Morphological Processing Of Gray Scale Images Page 129, Morphological Segmentation Page 163, Granulometries Page 193, Automatic Design Of Morphological Operators Page 227. | ||
| 538 | _aAlmirah No.24 and Shelf No.3 | ||
| 650 | 0 | _aTelecommunication Engineering. | |
| 700 | 1 | _aLotufo, Roberto A. | |
| 942 | _cREF | ||
| 999 |
_c175575 _d175575 |
||